000 00249nam a2200097Ia 4500
001 670604
005 20250826160810.0
008 250824s9999 xx 000 0 und d
245 0 _aKIRAN KIRANA ZEKA SORULARI
_cŞAKİR URAL
260 _bTİMAŞ YAYINLARI
999 _c670604
_d670604